| 000 | 00444nam a2200157Ia 4500 | ||
|---|---|---|---|
| 008 | 240729s9999 xx 000 0 und d | ||
| 022 | _a2423-3900 | ||
| 245 | 0 | _aSahand Communications in Mathematical Analysis | |
| 260 | _aIran, Islamic Republic of | ||
| 260 | _bUniversity of Maragheh | ||
| 650 | _a Mathematics | ||
| 650 | _aScience | ||
| 856 | _uhttps://doaj.org/toc/9f2e27f79e4d423c86827217553ddf97 | ||
| 942 | _2ddc | ||
| 942 | _cDOAJEJ | ||
| 999 |
_c69942 _d69942 |
||
| 945 |
_a1 _bMadushi Gamage _c1 _dMadushi Gamage |
||